Powiaty województwa mazowieckiego - nagła śmierć - Statystyki

Ogólne statystyki
  • Ten quiz został rozwiązany 1 163 razy
  • Średni wynik to 13 z 25
Answers on the Grid
Answers color-coded by a green-red scale on the quiz's grid according to % correct below.
Puławski
Łukowski
Łosicki
Radomski
Gostyniński
Opatowski
Pszczyński
Ostrowski
Lublin
Sokołowski
Ostrołęcki
Białystok
Płocki
Radomszczański
Garwoliński
Olsztyn
Pułtuski
Żywiecki
Makowski
Suwalski
Płoński
Wałecki
Miński
Starachowicki
Pruszkowski
Kamieński
Otwocki
Kaliski
Kozienicki
Ełcki
Giżycki
Nowotarski
Lipski
Skierniewicki
Siedlecki
Legionowski
Sieradzki
Rawicki
Grodziski
Sandomierski
Grójecki
Krosno
Przasnyski
Kielce
Ciechanowski
Wyszkowski
Białobrzeski
Iławski
Mławski
Słubicki
 
Statystyki odpowiedzi
Odpowiedź % Poprawnych
Radomski
78%
Płocki
72%
Ostrołęcki
65%
Pruszkowski
65%
Miński
61%
Pułtuski
59%
Garwoliński
58%
Otwocki
58%
Legionowski
57%
Płoński
56%
Siedlecki
54%
Gostyniński
52%
Grójecki
52%
Ciechanowski
51%
Grodziski
48%
Mławski
47%
Wyszkowski
46%
Kozienicki
43%
Łosicki
43%
Makowski
43%
Ostrowski
41%
Sokołowski
40%
Białobrzeski
39%
Przasnyski
39%
Lipski
35%
Nie znaleziono quizów pasujących do podanych kryteriów
Rozkład punktacji
Procent ludzi z każdym wynikiem
Percentyl według liczby udzielonych odpowiedzi
Twoja historia wyników
Nie rozwiązałeś tego quizu